Viajera del polvo

محفوظ في:
التفاصيل البيبلوغرافية
المؤلف الرئيسي: Hernández Caamaño, Ida (مؤلف)
التنسيق: كتاب
اللغة:الإسبانية
منشور في: Santo Domingo Instituto Tecnológico de Santo Domingo 1993
الموضوعات:
الوسوم: إضافة وسم
لا توجد وسوم, كن أول من يضع وسما على هذه التسجيلة!

MARC

LEADER 00000nam a2200000 a 4500
001 UCU4489
003 CL-VaPUC
008 960524e19930000dr |||||||||||||||||spa|d
082 0 4 |a Rd861  |b HER  |2 21 
100 0 |a Hernández Caamaño, Ida  |e author  |9 362070 
245 1 0 |a Viajera del polvo 
300 |a 64 p 
942 |c BK 
945 |d 19960524 00:00:00  |a mcarcey 
260 |a Santo Domingo  |b Instituto Tecnológico de Santo Domingo  |c 1993 
650 7 |a POESIAS DOMINICANAS  |2 CL-VaPUC  |9 336845 
583 |a last modification  |c 20171221 02:03:04  |k Rodrigo Vera 
999 |c 248182  |d 248180 
952 |0 0  |1 0  |4 0  |6 RD_861_000000000000000_HER_1993  |7 0  |8 A  |9 264632  |a BIBEDU  |b BIBEDU  |c ES_NOD  |d 2019-11-19  |i 3201678  |o Rd861 HER 1993  |p 3201678  |r 2023-08-09  |w 2019-11-19  |y BK  |k LIT